|
|
|
|
| LEADER |
00000naa2a2200000 4500 |
| 001 |
603704 |
| 005 |
20260204114551.0 |
| 035 |
|
|
|a (RuTPU)RU\TPU\conf\901
|
| 035 |
|
|
|a RU\TPU\conf\893
|
| 090 |
|
|
|a 603704
|
| 100 |
|
|
|a 20140201d2013 k y0rusy50 ba
|
| 101 |
0 |
|
|a eng
|
| 102 |
|
|
|a RU
|
| 135 |
|
|
|a drnn ---uucaa
|
| 181 |
|
0 |
|a i
|
| 182 |
|
0 |
|a b
|
| 200 |
1 |
|
|a Expert systems in medicine
|f A. A. Alekseeva, M. A. Taranik
|
| 203 |
|
|
|a Текст
|c электронный
|
| 225 |
1 |
|
|a Математическое моделирование и компьютерный анализ данных
|
| 300 |
|
|
|a Заглавие с титульного экрана
|
| 320 |
|
|
|a [Библиогр.: с. 139 (5 назв.)]
|
| 337 |
|
|
|a Adobe Reader
|
| 463 |
|
1 |
|0 (RuTPU)RU\TPU\conf\515
|t Молодежь и современные информационные технологии
|o сборник трудов XI Международной научно-практической конференции студентов, аспирантов и молодых ученых, г. Томск, 13-16 ноября 2013 г.
|f Национальный исследовательский Томский политехнический университет (ТПУ) ; под ред. Е. А. Сикоры и др.
|v [С. 137-139]
|d 2013
|
| 610 |
1 |
|
|a труды учёных ТПУ
|
| 610 |
1 |
|
|a электронный ресурс
|
| 610 |
1 |
|
|a экспертные системы
|
| 610 |
1 |
|
|a медицина
|
| 610 |
1 |
|
|a искусственный интеллект
|
| 700 |
|
1 |
|a Alekseeva
|b A. A.
|g Alina Aleksandrovna
|
| 701 |
|
1 |
|a Taranik
|b M. A.
|c specialist in the field of informatics and computer technology
|c technician of Tomsk Polytechnic University
|f 1990-
|g Maksim Alekseevich
|3 (RuTPU)RU\TPU\pers\36350
|
| 801 |
|
2 |
|a RU
|b 63413507
|c 20220328
|g RCR
|
| 856 |
4 |
|
|u http://earchive.tpu.ru/handle/11683/70400
|
| 856 |
4 |
|
|u http://www.lib.tpu.ru/fulltext/c/2013/C04/059.pdf
|
| 942 |
|
|
|c CF
|